000 00356nam a22001457a 4500
020 _a97898382350378
041 _aUrdu
082 _a891.43
_bASK
100 _aDr. Askari Safdar
245 _aMirza Ghalib - Ek Jaeza (Tahqeeqi Mazameen)
260 _aHyderabad
_bNisaab Publishers
_c2021
300 _a192
650 _aUrdu Poetry (Ghalib)
942 _cBK
999 _c23206
_d23206